000 01152cam a22002891 4500
001 med48000112
003 DLC
005 20260227111609.0
008 790418s1947 lauab 000 0 eng
010 _amed48000112
035 _a(OCoLC)4871250
040 _aDLC
_cLU
_dDLC
042 _apremarc
043 _an-us-la
050 0 0 _aRA981.L6
_bH5
082 _a362.1
100 1 _aHitt, Homer Lee,
_d1916-
245 0 4 _aThe social aspects of hospital planning in Louisiana
_c[by] Homer L. Hitt and Alvin L. Bertrand, Dept. of Rural Sociology, Louisiana Agricultural Experiment Station.
260 _a[Baton Rouge]
_bPub. in cooperation with Health and Hospital Division, Off. of the Governor,
_c1947.
300 _ax, 105 p.
_billus., maps (1 fold.)
_c28 cm.
410 1 0 _aLouisiana.
_bOffice of the Governor.
_bHealth and Hospital Division.
_tLouisiana study series,
_vno. 1
650 0 _aHospitals
_zLouisiana.
651 0 _aLouisiana
_xSocial conditions.
651 0 _aLouisiana
_vStatistics.
700 1 _aBertrand, Alvin Lee,
_d1918-
_ejoint author.
710 2 _aLouisiana State University (Baton Rouge, La.).
_bDepartment of Rural Sociology.
999 _c38852
_d38852